000 00805nam a2200241Ia 4500
003 OSt
005 20220923215604.0
006 a|||||r|||| 00| 0
007 ta
008 220922b |||||||| |||| 00| 0 hin d
024 _a180,075
037 _cTextual
040 _aARTS
_cARTS
_bhin
041 _2hin
_ahin
082 _aO152,1J90:g, L8
100 _aअवस्थी, सावित्री
_9156292
245 0 _aनन्ददास* जीवन और काव्य, शोध
246 _aNandadāsa: jīvan aur kāvya, shodha
260 _aदिल्ली
_b प्रबन्ध प्रकाशन
_c1978
300 _a472 पृ.
_ccm.
942 _hO152,1J90:g, L8
_cTEXL
_2CC
999 _c333456
_d333456